Asuncion - Choix multiples - Statistiques

Statistiques générales
  • Ce quiz a été pris 5 fois
  • Le résultat moyen est 5 sur 10
Statistiques - réponses
Question Réponse % Correct
De quel pays Asuncion est-elle la capitale ? Le Paraguay
100%
Reconnaissez-vous Asuncion parmi les villes suivantes ?
60%
En 1603, le synode d'Asuncion prévoit de rassembler les Amérindiens dans des réductions où ils seraient protégés de chasseurs d'esclaves. Un catéchisme est aussi adopté en langue amérindienne. Dans la langue de quel peuple a-t-il été traduit ? Les Guaranis
60%
Quel ordre monastique catholique était principalement en contact alors avec les Amérindiens précédents ? Les Jésuites
60%
Durant quelle guerre (1932-1935) qui inspira Hergé pour L'Oreille cassée, le stade de football d'Asuncion est devenu un lieu de recrutement de l'armée ? La guerre du Chaco
40%
Quel pays est directement limitrophe de la commune d'Asuncion ? L'Argentine
40%
Quel cours d'eau arrose Asuncion ? Le Paraguay
40%
Quel joueur de tennis né à Asuncion affronta Björn Borg en finale de Roland-Garros en 1979 ? Victor Pecci
40%
Comment appelle-t-on Asuncion en français ? Assomption
20%
Quel instrument de musique traditionnel du pays est représenté depuis 2023 par une sculpture monumentale de 15 mètres de haut en fer et acier, à Asuncion ? La harpe
20%
Aucun quiz correspondant
Distribution des résultats
% des personnes avec chaque résultat
Percentile par nombre de réponses
Votre historique - résultats
Vous n’avez pas pris ce quiz